Les films français des années 2010 - Statistiques

Statistiques générales
  • Ce quiz a été pris 91 fois
  • Le résultat moyen est 9 sur 20
Statistiques - réponses
Par images Hint Réponse % Correct
2011 Intouchables
99%
2011 The Artist
82%
2012 Le Prénom
79%
2013 La Vie d'Adèle
74%
2018 Le Grand Bain
71%
2013 Yves Saint Laurent
70%
2010 Les Petits Mouchoirs
68%
2010 L'Arnacoeur
58%
2011 Polisse
57%
2010 Tout ce qui brille
56%
2013 Les Garçons et Guillaume à table
31%
2018 Sauver ou périr
26%
2019 Les Misérables
25%
2017 120 battements par minute
21%
2017 Au revoir là-haut
19%
2012 De rouilles et d'os
19%
2016 Frantz
14%
2016 Grave
13%
2014 Réalité
12%
2015 Mon Roi
11%
Aucun quiz correspondant
Distribution des résultats
% des personnes avec chaque résultat
Percentile par nombre de réponses
Votre historique - résultats
Vous n’avez pas pris ce quiz